| 000 | 00905nam a22003137a 4500 | ||
|---|---|---|---|
| 001 | BR2011004838 | ||
| 003 | BR-BrBNA | ||
| 005 | 20230928103743.0 | ||
| 007 | ta | ||
| 008 | 230509b bl.||||| |||| 00| 0 por d | ||
| 040 |
_aBR-BrBNA _bpor _cBiblioteca Nacional de Agricultura |
||
| 041 | _a(Por) | ||
| 072 | _aL70 | ||
| 090 | _ L70 BR2011004838 | ||
| 110 | 1 |
_aUniversidade Federal de Viçosa, MG (Brasil). Depto. de Fitotecnica _911014 |
|
| 245 | 1 | _aCartilha de homeopatia: instruções práticas geradas por agricultores sobre o uso da homeopatia no meio rural | |
| 250 | 1 | _a2. ed. | |
| 260 | 3 |
_aViçosa, MG (Brasil): _c2007. |
|
| 300 | _a40 p. | ||
| 500 | _a10 illus | ||
| 650 | _aHOMEOPATIA | ||
| 650 | _aHISTÓRIA | ||
| 650 | _aMEDICAMENTO HOMEOPÁTICO | ||
| 650 | _aTRATAMENTO | ||
| 650 | _aINSETO | ||
| 650 | _aCARRAPATO | ||
| 909 |
_a202309 _bLucia _c55 _dLucia Elande |
||
| 942 | _cBK | ||
| 999 |
_c76474 _d76474 |
||